000 00626nam a2200205Ia 4500
003 IN-BaIIA
008 211028s9999 xx 000 0 eng d
020 _a1-85233-465-7
040 _cIIA Library
080 _a524.3-54
_bING
100 _aInglis, M.
_927876
245 0 _aObserver's guide to stellar evolution
_cM. Inglis
260 _aLondon
_bSpringer-Verlag
_c2003
300 _axvii, 236p.
490 _aPatrick Moore's Practical Astronomy Series
650 _aStar Birth
_926358
650 _aStar Death
_926359
650 _aStars Evolution
_910853
942 _cBK
999 _c15184
_d15184